|
|
|
|
| LEADER |
01120cam a2200301 a 4500 |
| 001 |
c000277837 |
| 003 |
CARM |
| 005 |
20071206134527.0 |
| 008 |
800821s1981 ctua b 001 0 eng |
| 010 |
|
|
|a 80021375
|
| 019 |
1 |
|
|a 1789268
|5 LACONCORD2021
|
| 020 |
|
|
|a 0300024657
|
| 035 |
|
|
|a (OCoLC)6707267
|5 LACONCORD2021
|
| 040 |
|
|
|a LC
|b eng
|c LC
|d LC
|
| 043 |
|
|
|a e-uk-en
|
| 050 |
0 |
0 |
|a HV844.G72
|b L65
|
| 082 |
0 |
0 |
|a 362.7/32/0942142
|2 19
|
| 100 |
1 |
|
|a McClure, Ruth K.,
|d 1916-
|
| 245 |
1 |
0 |
|a Coram's children :
|b the London Foundling Hospital in the eighteenth century /
|c Ruth K. McClure.
|
| 260 |
|
|
|a New Haven :
|b Yale University Press,
|c 1981.
|
| 300 |
|
|
|a xiii, 321 p. :
|b ill. ;
|c 24 cm.
|
| 500 |
|
|
|a Includes index.
|
| 504 |
|
|
|a Bibliography: p. 298-310.
|
| 600 |
1 |
0 |
|a Coram, Thomas,
|d 1668?-1751.
|
| 610 |
2 |
0 |
|a Foundling Hospital (London, England)
|x History
|y 18th century.
|
| 852 |
8 |
|
|b CARM
|h A1:AL24D0
|i C10487
|p 0399999
|f BK
|
| 999 |
f |
f |
|i 1120a19e-da11-5e80-9379-9d8be1a8ee8d
|s 892ee8b0-1436-509c-9bfe-0e1e21300fe8
|
| 952 |
f |
f |
|p Can circulate
|a CAVAL
|b CAVAL
|c CAVAL
|d CARM 1 Store
|e C10487
|f A1:AL24D0
|h Other scheme
|i book
|m 0399999
|